US Presidents: Year in Office - Statistics

General Stats
  • This quiz has been taken 261 times
  • The average score is 34 of 43
Answer Stats
# President Term % Correct
13 Franklin D. Roosevelt 1933-1945
94%
6 Richard Nixon 1969-1974
90%
9 George Washington 1789-1797
89%
9 Bill Clinton 1993-2001
89%
8 Barack Obama 2009-
89%
9 Thomas Jefferson 1801-1809
88%
5 Abraham Lincoln 1861-1865
88%
9 Harry Truman 1945-1953
88%
9 Dwight D. Eisenhower 1953-1961
88%
9 Ronald Reagan 1981-1989
88%
9 James Madison 1809-1817
87%
9 Woodrow Wilson 1913-1921
87%
7 Lyndon B. Johnson 1963-1969
87%
9 George W. Bush 2001-2009
87%
9 James Monroe 1817-1825
86%
9 Ulysses S. Grant 1869-1877
86%
9 Theodore Roosevelt 1901-1909
86%
5 John Adams 1797-1801
84%
9 Andrew Jackson 1829-1837
83%
5 Andrew Johnson 1865-1869
83%
3 John F. Kennedy 1961-1963
82%
7 Calvin Coolidge 1923-1929
81%
5 Herbert Hoover 1929-1933
81%
5 Jimmy Carter 1977-1981
81%
5 George H.W. Bush 1989-1993
81%
5 John Quincy Adams 1825-1829
80%
10 Grover Cleveland 1885-1889, 1893-1897
79%
4 Gerald R. Ford 1974-1977
77%
5 James Buchanan 1857-1861
76%
5 Martin Van Buren 1837-1841
74%
5 James K. Polk 1845-1849
72%
5 William McKinley 1897-1901
72%
5 John Tyler 1841-1845
71%
5 Benjamin Harrison 1889-1893
70%
5 William Taft 1909-1913
70%
5 Franklin Pierce 1853-1857
68%
5 Chester A. Arthur 1881-1885
68%
5 Rutherford B. Hayes 1877-1881
67%
3 Warren Harding 1921-1923
67%
4 Millard Fillmore 1850-1853
64%
2 Zachary Taylor 1849-1850
63%
1 William Henry Harrison 1841
62%
1 James Garfield 1881
59%
No matching quizzes found
Score Distribution
Percent of People with Each Score
Percentile by Number Answered
Your Score History
You have not taken this quiz